000 00563nam a2200217Ia 4500
003 OSt
005 20220928143301.0
006 a|||||r|||| 00| 0
007 ta
008 220927b |||||||| |||| 00| 0 eng d
024 _a21554
037 _cTextual
040 _aSDCL
_cSDCL
_beng
041 _2eng
_aeng
082 _aO152,3N5:g, M9
100 _aUpadhayaya Mrityuanjaya
_9505005
245 0 _aHindi ke aanchalik upanyasa.
260 _c1989
942 _hO152,3N5:g, M9
_cTEXL
_2CC
999 _c823593
_d823593